000 00535nam a22001817a 4500
005 20180504103918.0
010 _aENG-122880
020 _a9788192885544
_c799.00
035 _aEN-106412
037 _bDBAD/PUB
082 _a181.46
100 _aVivekananda
245 _aThe complete books of yoga /
_bby Vivekananda
260 _aNew Delhi
_bSolar Books
_c2015
270 _a4239A/1 Veer Sadan, Ansari Road, Darya Ganj,
_bNew Delhi
_e110002
300 v _a224p.
_c21cm(Hb)
_bill.
942 _2ddc
_cEN
_mVIV
_h181.46
999 _c151875
_d151875